000
00311nam a2200133Ia 4500
005
20260326100030.0
008
260326s9999||||xx |||||||||||||| ||und||
100
_a
Fiell, Charlotte
245
0
_a
Chairs /
_c
Charlotte Fiell
260
_b
Taschen
300
_a
191 p.
650
_a
DISEÑO INDUSTRIAL
942
_c
BK
999
_c
6580
_d
6580